Top 100-200 Marvel Superheroes (Continued) - Statistics

General Stats
  • This quiz has been taken 61 times
    58 since last reset
  • The average score is 19 of 100
Answer Stats
Hint Answer % Correct
108. Wiccan
44%
105. Ghost Rider (Robby Reyes)
40%
103. Sunspot
37%
152. Hulkling
35%
109. Speed
35%
159. Spider-Girl
35%
122. Squirrel Girl
35%
116. Hawkeye (Kate Bishop)
33%
130. Hyperion
33%
145. Ikaris
33%
104. Mantis
33%
124. Nebula
33%
146. Sersi
33%
170. Howard the Duck
30%
160. Wong
30%
162. Cannonball
28%
102. Darkhawk
28%
135. Gorgon
28%
120. Ironheart
28%
125. Yondu
28%
196. Fandral
26%
179. Maria Hill
26%
138. Quake
26%
101. Spider-Man 2099
26%
188. Sprite
26%
171. Tigra
26%
132. US Agent
26%
197. Volstagg
26%
107. Banshee
23%
126. Gwenpool
23%
193. Iron Lad
23%
150. Karnak
23%
129. Wolfsbane
23%
151. Hellcat
21%
111. Multiple Man
21%
155. Red She-Hulk
21%
117. Spectrum
21%
161. Speedball
21%
154. Spider-Man Noir
21%
180. Sunfire
21%
114. Warpath
21%
136. Werewolf By Night
21%
183. A-Bomb
19%
187. Ajak
19%
175. Blink
19%
133. Cosmo
19%
192. Devil Dinosaur
19%
185. Druig
19%
115. Forge
19%
139. Franklin Richards
19%
191. Mirage
19%
163. Okoye
19%
123. Scarlet Spider
19%
121. Thor (Jane Foster)
19%
165. Thunderbird
19%
137. Union Jack
19%
144. Agent Carter (Peggy Carter)
16%
112. America Chavez
16%
149. Ancient One
16%
167. Armor
16%
110. Blue Marvel
16%
199. Colleen Wing
16%
148. Makkari
16%
172. Misty Knight
16%
181. Moon Girl
16%
178. Phil Coulson
16%
128. Quasar
16%
147. Thena
16%
166. X-Man
16%
131. Deathlok
14%
127. Doctor Voodoo
14%
184. Korg
14%
143. Northstar
14%
164. Peni Parker
14%
186. Phastos
14%
142. Pixie
14%
119. Silk
14%
158. Yelena Belova
14%
134. Agent 13 (Sharon Carter)
12%
118. Ares
12%
141. Hope Summers
12%
200. Spitfire
12%
168. Strong Guy
12%
157. The Prowler
12%
140. Valeria Richards
12%
153. Darwin
9%
169. Fantomex
9%
198. Machine Man
9%
189. Marrow
9%
176. M'Baku
9%
113. Morph
9%
156. Negasonic Teenage Warhead
9%
106. Silver Sable
9%
173. Sleepwalker
7%
190. Cecilia Reyes
5%
194. Hit Monkey
5%
195. Nakia
5%
174. Callisto
2%
177. Dum Dum Doogan
2%
182. Genis-Vell
2%
No matching quizzes found
Score Distribution
Percent of People with Each Score
Percentile by Number Answered
Your Score History
You have not taken this quiz since the last reset